[Event "Latin Am zt15 sf4 corr"]
[Site "CADAP corr"]
[Date "2000.06.01"]
[Round "?"]
[White "Dos Santos, Marcos Antonio Melo"]
[Black "Raposo, Antonio Carlos"]
[Result "1-0"]
[WhiteElo "2246"]
[BlackElo "2392"]
[PlyCount "85"]
[EventDate "2000.??.??"]
[EventType "tourn (corr)"]
[EventRounds "14"]
[EventCategory "4"]
[SourceTitle "Corr 2002"]
[Source "ChessBase"]
[SourceDate "2002.05.23"]
[SourceVersion "1"]
[SourceVersionDate "2002.05.23"]
[SourceQuality "1"]

1. Nf3 d5 2. c4 d4 3. a3 g6 4. e3 Nc6 5. b4 Bg7 6. Bb2 e5 7. b5 Nce7 8. exd4 exd4 9. Bd3 c5 10. bxc6 bxc6 11. 0-0 Nh6 12. a4 0-0 13. Na3 Rb8 14. Rb1 Re8 15. Nc2 Rb3 16. Nce1 Rb7 17. Ba3 Rxb1 18. Qxb1 Bf5 19. Bxf5 Nhxf5 20. Bc5 Qa5 21. Nd3 Qxa4 22. g4 Qxc4 23. gxf5 Qd5 24. Qd1 Nxf5 25. Bxa7 Qb5 26. Qc2 Qd5 27. Nfe1 Nh4 28. f3 Bf8 29. Qa4 Bg7 30. Qb4 h5 31. Bc5 Kh7 32. Rf2 Qg5+ 33. Kh1 Qd5 34. Qb6 Re6 35. Ba3 Re8 36. Qc5 Qb3 37. Qc1 Qa2 38. Bd6 Qd5 39. Bc5 Qe6 40. Ng2 Qb3 41. Qf1 Nf5 42. Kg1 Ra8 43. Qe2 1-0

[Event "Latin Am zt15 sf4 corr"]
[Site "CADAP corr"]
[Date "2000.06.01"]
[Round "?"]
[White "Raposo, Antonio Carlos"]
[Black "Frank, Mario Alberto"]
[Result "1/2-1/2"]
[WhiteElo "2392"]
[BlackElo "2361"]
[PlyCount "61"]
[EventDate "2000.??.??"]
[EventType "tourn (corr)"]
[EventRounds "14"]
[EventCategory "4"]
[SourceTitle "Corr 2002"]
[Source "ChessBase"]
[SourceDate "2002.05.23"]
[SourceVersion "1"]
[SourceVersionDate "2002.05.23"]
[SourceQuality "1"]

1. e4 e5 2. Nf3 Nf6 3. d4 Nxe4 4. Bd3 d5 5. Nxe5 Bd6 6. 0-0 0-0 7. c4 Bxe5 8. dxe5 Nc6 9. cxd5 Qxd5 10. Qc2 Nb4 11. Bxe4 Nxc2 12. Bxd5 Bf5 13. g4 Bxg4 14. Be4 Nxa1 15. Bf4 f5 16. Bd5+ Kh8 17. Rc1 c6 18. Bg2 Rfd8 19. Nd2 Rxd2 20. Bxd2 Rd8 21. Be3 Rd1+ 22. Rxd1 Bxd1 23. Bxa7 Nc2 24. Bc5 Ne1 25. b4 Nf3+ 26. Bxf3 Bxf3 27. a4 Bd5 28. f4 Kg8 29. Kf2 Kf7 30. Ke3 Ke6 31. h4 1/2-1/2

[Event "Latin Am zt15 sf4 corr"]
[Site "CADAP corr"]
[Date "2000.??.??"]
[Round "?"]
[White "Chan, Daniel Roberto"]
[Black "Raposo, Antonio Carlos"]
[Result "1/2-1/2"]
[WhiteElo "2447"]
[BlackElo "2392"]
[PlyCount "40"]
[EventDate "2000.??.??"]
[EventType "tourn (corr)"]
[EventRounds "14"]
[EventCategory "4"]
[SourceTitle "Corr 2002"]
[Source "ChessBase"]
[SourceDate "2002.05.23"]
[SourceVersion "1"]
[SourceVersionDate "2002.05.23"]
[SourceQuality "1"]

1. d4 Nf6 2. c4 e6 3. Nf3 c5 4. Nc3 cxd4 5. Nxd4 Bb4 6. Ndb5 0-0 7. a3 Bxc3+ 8. Nxc3 d5 9. Bg5 h6 10. Bh4 Nc6 11. e3 dxc4 12. Bxc4 Qe7 13. 0-0 Rd8 14. Qe2 Ne5 15. Ba2 Ng6 16. Bxf6 Qxf6 17. Bb1 Bd7 18. Be4 Rab8 19. Rfd1 Ne7 20. Rd2 Bc6 1/2-1/2

[Event "Latin Am zt15 sf4 corr"]
[Site "CADAP corr"]
[Date "2000.??.??"]
[Round "?"]
[White "Fuertes, Cesar Edgardo"]
[Black "Raposo, Antonio Carlos"]
[Result "0-1"]
[WhiteElo "2252"]
[BlackElo "2392"]
[PlyCount "38"]
[EventDate "2000.??.??"]
[EventType "tourn (corr)"]
[EventRounds "14"]
[EventCategory "4"]
[SourceTitle "Corr 2002"]
[Source "ChessBase"]
[SourceDate "2002.05.23"]
[SourceVersion "1"]
[SourceVersionDate "2002.05.23"]
[SourceQuality "1"]

1. d4 Nf6 2. c4 g6 3. Nc3 d5 4. cxd5 Nxd5 5. e4 Nxc3 6. bxc3 Bg7 7. Bc4 c5 8. Ne2 Nc6 9. Be3 0-0 10. 0-0 cxd4 11. cxd4 Bg4 12. f3 Na5 13. Bxf7+ Rxf7 14. fxg4 Rxf1+ 15. Kxf1 e5 16. d5 Nc4 17. Bf2 Rc8 18. Kg1 Nd6 19. Ng3 a6 0-1

[Event "Latin Am zt15 sf4 corr"]
[Site "CADAP corr"]
[Date "2000.??.??"]
[Round "?"]
[White "Raposo, Antonio Carlos"]
[Black "Rocco, Jorge Hugo"]
[Result "1/2-1/2"]
[WhiteElo "2392"]
[BlackElo "2466"]
[PlyCount "57"]
[EventDate "2000.??.??"]
[EventType "tourn (corr)"]
[EventRounds "14"]
[EventCategory "4"]
[SourceTitle "Corr 2002"]
[Source "ChessBase"]
[SourceDate "2002.05.23"]
[SourceVersion "1"]
[SourceVersionDate "2002.05.23"]
[SourceQuality "1"]

1. e4 c6 2. c4 d5 3. exd5 cxd5 4. cxd5 Nf6 5. Bb5+ Nbd7 6. Nc3 a6 7. Qa4 Rb8 8. Bxd7+ Bxd7 9. Qf4 b5 10. a3 e6 11. dxe6 Bxe6 12. d4 Bd6 13. Qf3 0-0 14. Bg5 Qa5 15. Bxf6 b4 16. d5 bxc3 17. Bxc3 Qxd5 18. Qxd5 Bxd5 19. Nf3 Rfe8+ 20. Kf1 Rbd8 21. h4 h5 22. Re1 f6 23. Rxe8+ Rxe8 24. Nd2 Bc6 25. Nf3 Bb5+ 26. Kg1 Rc8 27. Nd4 Bxa3 28. Nxb5 axb5 29. Rh3 1/2-1/2